[Event "SRB Central-ch op-B 6th"]
[Site "Paracin"]
[Date "2013.07.09"]
[Round "5"]
[White "Radovic, Janko"]
[Black "Grbic, Branko"]
[Result "1/2-1/2"]
[WhiteElo "2038"]
[BlackElo "1984"]
[PlyCount "40"]
[EventDate "2013.07.05"]
[EventType "swiss"]
[EventRounds "9"]
[EventCountry "SRB"]
[SourceTitle "CBM 155 Extra"]
[Source "ChessBase"]
[SourceDate "2013.08.26"]
[SourceVersion "1"]
[SourceVersionDate "2013.08.26"]
[SourceQuality "1"]

1. e4 c5 2. Nf3 e6 3. c3 d5 4. exd5 Qxd5 5. d4 Nf6 6. Be2 Nc6 7. 0-0 Be7 8. Be3 cxd4 9. cxd4 0-0 10. Nc3 Qa5 11. Rc1 Nd5 12. Nxd5 exd5 13. Qb3 Qb4 14. Qxd5 Qxb2 15. Bc4 Be6 16. Qe4 Bxc4 17. Rxc4 Bf6 18. Qb1 Qxb1 19. Rxb1 Rfd8 20. g3 Rd7 1/2-1/2

[Event "SRB Central-ch op-B 6th"]
[Site "Paracin"]
[Date "2013.07.05"]
[Round "1"]
[White "Djordjevic, Lazar"]
[Black "Grbic, Branko"]
[Result "0-1"]
[WhiteElo "1683"]
[BlackElo "1984"]
[PlyCount "138"]
[EventDate "2013.07.05"]
[EventType "swiss"]
[EventRounds "9"]
[EventCountry "SRB"]
[SourceTitle "CBM 155 Extra"]
[Source "ChessBase"]
[SourceDate "2013.08.26"]
[SourceVersion "1"]
[SourceVersionDate "2013.08.26"]
[SourceQuality "1"]

1. e4 c5 2. Nf3 e6 3. c3 d5 4. exd5 Qxd5 5. d4 Nf6 6. Be2 Nc6 7. 0-0 Be7 8. Be3 cxd4 9. Nxd4 Nxd4 10. Qxd4 e5 11. Qd3 0-0 12. Bg5 Rd8 13. Rd1 Qa5 14. Qc2 Rxd1+ 15. Bxd1 Be6 16. Nd2 h6 17. Bxf6 Bxf6 18. Bf3 Qb6 19. Nb3 Rd8 20. Rd1 Rxd1+ 21. Qxd1 Qb5 22. Nd2 b6 23. Ne4 Be7 24. Be2 Qc6 25. b3 Bd5 26. f3 f5 27. Ng3 g6 28. c4 Qc5+ 29. Kh1 Be6 30. Qd2 Bg5 31. Qd3 Kf7 32. Qc3 Bf4 33. Nf1 a5 34. g3 Bg5 35. Kg2 h5 36. Qd3 Qa3 37. h4 Be7 38. Qd2 Bc5 39. Ne3 a4 40. Nd5 axb3 41. axb3 Qxb3 42. Qh6 Bf8 43. Qe3 Qxe3 44. Nxe3 Bc5 45. Nd1 Bd4 46. Bd3 Ke7 47. Nf2 Kd6 48. g4 Kc5 49. gxh5 gxh5 50. Nh3 Bxc4 51. Bxf5 Bf7 52. Ng5 Be8 53. Ne6+ Kc4 54. Nc7 Bf7 55. Bd7 Kc5 56. Na6+ Kd6 57. Bb5 Bc3 58. Kf2 Be6 59. Ke2 Bd7 60. Bd3 Be8 61. Be4 Bb5+ 62. Bd3 Bxd3+ 63. Kxd3 Be1 64. Kc4 Kc6 65. Nb8+ Kc7 66. Na6+ Kb7 67. Kb5 Bd2 68. Nb4 Bxb4 69. Kxb4 Kc6 0-1

[Event "Belgrade tt Cup"]
[Site "Belgrade"]
[Date "2013.04.21"]
[Round "5"]
[White "Grbic, Branko"]
[Black "Nedeljkovic, Dragan"]
[Result "0-1"]
[WhiteElo "1981"]
[BlackElo "2150"]
[PlyCount "62"]
[EventDate "2013.04.17"]
[EventType "team-swiss"]
[EventRounds "5"]
[EventCountry "SRB"]
[SourceTitle "EXT 2015"]
[Source "ChessBase"]
[SourceDate "2014.11.20"]
[SourceVersion "1"]
[SourceVersionDate "2014.11.20"]
[SourceQuality "1"]

1. e4 c5 2. d4 cxd4 3. c3 d5 4. Qxd4 e6 5. exd5 exd5 6. Nf3 Nf6 7. Bg5 Be7 8. Nbd2 0-0 9. Bd3 Ng4 10. h4 Nc6 11. Qa4 Qb6 12. 0-0 Bc5 13. Qb5 Bxf2+ 14. Kh1 Qxb5 15. Bxb5 Bg3 16. Nd4 Nxd4 17. cxd4 f6 18. Bf4 Nf2+ 19. Kg1 Bxf4 20. Rxf2 Be3 21. Re1 Bxd4 22. Nb3 Bxf2+ 23. Kxf2 a6 24. Bd3 Bd7 25. Re7 Bc6 26. Nd4 Rfe8 27. Nxc6 bxc6 28. Rc7 Rec8 29. Rxc8+ Rxc8 30. Bxa6 Rb8 31. b3 Ra8 0-1

[Event "Belgrade-chT Quality"]
[Site "Belgrade"]
[Date "2012.10.31"]
[Round "9.1"]
[White "Grbic, Branko"]
[Black "Janjic, Stefan"]
[Result "1-0"]
[WhiteElo "1943"]
[BlackElo "1900"]
[PlyCount "31"]
[EventDate "2012.10.13"]
[EventType "team-tourn"]
[EventRounds "11"]
[EventCountry "SRB"]
[SourceTitle "EXT 2019"]
[Source "ChessBase"]
[SourceDate "2018.10.10"]
[SourceVersion "1"]
[SourceVersionDate "2018.10.10"]
[SourceQuality "1"]

1. e4 e6 2. d4 d5 3. exd5 exd5 4. Qf3 Nf6 5. h3 Qe7+ 6. Ne2 Qe4 7. Qb3 Bd6 8. Nbc3 Qf5 9. Nb5 Ne4 10. Nxd6+ Nxd6 11. Bf4 Qe6 12. Be5 0-0 13. Nf4 Qd7 14. Nxd5 Kh8 15. 0-0-0 f6 16. Bg3 1-0

[Event "Belgrade-chT Quality"]
[Site "Belgrade"]
[Date "2012.10.20"]
[Round "3.1"]
[White "Grbic, Branko"]
[Black "Milin, Dragan"]
[Result "1-0"]
[WhiteElo "1943"]
[BlackElo "2038"]
[PlyCount "98"]
[EventDate "2012.10.13"]
[EventType "team-tourn"]
[EventRounds "11"]
[EventCountry "SRB"]
[SourceTitle "EXT 2019"]
[Source "ChessBase"]
[SourceDate "2018.10.10"]
[SourceVersion "1"]
[SourceVersionDate "2018.10.10"]
[SourceQuality "1"]

1. e4 e5 2. Nf3 d6 3. Bc4 c6 4. d4 Qc7 5. a4 Be7 6. h3 Nf6 7. Nc3 Nbd7 8. 0-0 Nf8 9. Ng5 Ne6 10. Nxe6 Bxe6 11. Bxe6 fxe6 12. dxe5 dxe5 13. Qe2 Bc5 14. Qc4 Qe7 15. Bg5 h6 16. Bh4 g5 17. Bg3 Bd6 18. a5 a6 19. Rad1 Nh5 20. Ne2 Nf4 21. c3 h5 22. Kh1 0-0-0 23. b4 Rhg8 24. Bxf4 gxf4 25. f3 Rg6 26. Rd2 Rdg8 27. Nc1 Bc7 28. Nb3 Qh4 29. Nc5 Kb8 30. Rg1 Re8 31. Rd7 Reg8 32. Qa2 Re8 33. c4 Re7 34. b5 Rxd7 35. Nxd7+ Kc8 36. bxc6 bxc6 37. Nb6+ Kd8 38. Qd2+ Ke8 39. Qd7+ Kf8 40. Qxc7 Rg3 41. Qc8+ Kf7 42. Qd7+ Kg8 43. Qxe6+ Kh7 44. Nd7 c5 45. Qf7+ Rg7 46. Nf8+ Kh6 47. Qe6+ Kg5 48. Qxe5+ Kh6 49. Qd6+ Kg5 1-0

[Event "SRB Kadetski festival U16 6th"]
[Site "Vrnjacka Banja"]
[Date "2012.04.14"]
[Round "7"]
[White "Grbic, Branko"]
[Black "Dikic, Veljko"]
[Result "1/2-1/2"]
[WhiteElo "1965"]
[BlackElo "1887"]
[PlyCount "120"]
[EventDate "2012.04.10"]
[EventType "swiss"]
[EventRounds "9"]
[EventCountry "SRB"]
[SourceTitle "CBM 148 Extra"]
[Source "ChessBase"]
[SourceDate "2012.06.22"]
[SourceVersion "1"]
[SourceVersionDate "2012.06.22"]
[SourceQuality "1"]

1. d4 Nf6 2. c4 g6 3. Nc3 Bg7 4. e4 0-0 5. f3 c6 6. Be3 d5 7. cxd5 cxd5 8. e5 Ne8 9. Bd3 Nc6 10. Nge2 f6 11. f4 Nc7 12. 0-0 Bg4 13. h3 Bxe2 14. Qxe2 fxe5 15. fxe5 Qd7 16. a3 e6 17. b4 Ne7 18. Nb5 Nxb5 19. Bxb5 Nc6 20. Qg4 a6 21. Bd3 Rxf1+ 22. Rxf1 Rf8 23. h4 Rxf1+ 24. Kxf1 Qf7+ 25. Kg1 Ne7 26. Qd1 Nf5 27. Bf2 Bf8 28. g4 Ne7 29. Be3 h6 30. Kg2 h5 31. Bg5 hxg4 32. Bxe7 Bxe7 33. Qxg4 Kg7 34. h5 g5 35. h6+ Kxh6 36. Qh3+ Kg7 37. Qh7+ Kf8 38. Qh8+ Qg8 39. Qh6+ Ke8 40. Bh7 Qf8 41. Qxe6 Qf4 42. Qc8+ Bd8 43. Bg6+ Ke7 44. Qc5+ Kd7 45. Qxd5+ Kc8 46. Qe4 Bb6 47. Bf5+ Kb8 48. Qxf4 gxf4 49. e6 Bd8 50. Kf3 Kc7 51. Kxf4 Kd6 52. Ke4 b6 53. d5 Bf6 54. Bg4 Bb2 55. a4 b5 56. Kd3 bxa4 57. Bd1 Bf6 58. Kc4 a3 59. Bb3 Be7 60. Kc3 Kc7 1/2-1/2

[Event "SRB Central-ch op-A 4th"]
[Site "Paracin"]
[Date "2011.07.08"]
[Round "1"]
[White "Majeric, Zoran"]
[Black "Grbic, Branko"]
[Result "1-0"]
[WhiteElo "2278"]
[BlackElo "1922"]
[PlyCount "103"]
[EventDate "2011.07.08"]
[EventType "swiss"]
[EventRounds "9"]
[EventCountry "SRB"]
[SourceTitle "CBM 143 Extra"]
[Source "ChessBase"]
[SourceDate "2011.08.29"]
[SourceVersion "1"]
[SourceVersionDate "2011.08.29"]
[SourceQuality "1"]

1. e4 c5 2. Nf3 e6 3. d4 cxd4 4. Nxd4 a6 5. Nc3 Qc7 6. g3 Nf6 7. Bg2 Bc5 8. 0-0 0-0 9. Nb3 Ba7 10. Bf4 e5 11. Bg5 Qc6 12. Qf3 Bb6 13. Bxf6 Qxf6 14. Qxf6 gxf6 15. Nd5 Bd8 16. Bh3 b6 17. Rad1 Nc6 18. c3 d6 19. Bxc8 Rxc8 20. Rd3 Kg7 21. Ne3 Bc7 22. Nf5+ Kg6 23. Rfd1 Rcd8 24. Nd2 Rd7 25. Nc4 Rfd8 26. Ncxd6 Na5 27. b3 Nb7 28. Nxb7 Rxd3 29. Rxd3 Rxd3 30. Ne7+ Kg5 31. Nd5 Bb8 32. c4 f5 33. Nxb6 Ba7 34. c5 Rc3 35. Nc4 Kf6 36. c6 Ke7 37. exf5 Rc2 38. f6+ Ke8 39. Kh1 Bxf2 40. Nbd6+ Kd8 41. Nxf7+ Kc7 42. Nfxe5 Bd4 43. g4 Bxe5 44. Nxe5 Rf2 45. f7 Kd6 46. Kg1 Rf4 47. Kg2 a5 48. a3 h6 49. h4 Kc7 50. g5 hxg5 51. hxg5 Rf5 52. g6 1-0

[Event "SRB-ch U16"]
[Site "Kragujevac"]
[Date "2011.04.26"]
[Round "4"]
[White "Grbic, Branko"]
[Black "Stanimirovic, Bosko"]
[Result "1-0"]
[WhiteElo "1899"]
[BlackElo "1804"]
[PlyCount "55"]
[EventDate "2011.04.24"]
[EventType "swiss"]
[EventRounds "9"]
[EventCountry "SRB"]
[SourceTitle "CBM 142 Extra"]
[Source "ChessBase"]
[SourceDate "2011.06.27"]
[SourceVersion "1"]
[SourceVersionDate "2011.06.27"]
[SourceQuality "1"]

1. e4 c5 2. d4 cxd4 3. c3 Nf6 4. e5 Nd5 5. cxd4 e6 6. Nf3 d6 7. Nc3 Nxc3 8. bxc3 Be7 9. exd6 Bxd6 10. Bd3 h6 11. 0-0 0-0 12. Qe2 Qc7 13. c4 Nc6 14. Re1 Bd7 15. a3 Rac8 16. Bb2 Rfd8 17. Rac1 Bf4 18. Rcd1 Na5 19. c5 Ba4 20. Rb1 Qe7 21. Qe4 Qc7 22. g3 Bg5 23. Qh7+ Kf8 24. Qh8+ Ke7 25. Qxg7 Rg8 26. Rxe6+ Kxe6 27. d5+ Kd7 28. Qxf7+ 1-0

[Event "SRB-ch U16"]
[Site "Kragujevac"]
[Date "2011.04.25"]
[Round "3"]
[White "Ratkovic, Miloje"]
[Black "Grbic, Branko"]
[Result "1-0"]
[WhiteElo "2157"]
[BlackElo "1899"]
[PlyCount "89"]
[EventDate "2011.04.24"]
[EventType "swiss"]
[EventRounds "9"]
[EventCountry "SRB"]
[SourceTitle "CBM 142 Extra"]
[Source "ChessBase"]
[SourceDate "2011.06.27"]
[SourceVersion "1"]
[SourceVersionDate "2011.06.27"]
[SourceQuality "1"]

1. d4 Nf6 2. c4 e6 3. Nf3 b6 4. a3 Bb7 5. Bg5 Be7 6. Nc3 d5 7. Bxf6 Bxf6 8. cxd5 exd5 9. e3 0-0 10. Bd3 Nd7 11. 0-0 Re8 12. Rc1 c5 13. b3 Be7 14. a4 a6 15. Qc2 Nf6 16. Rfd1 Rc8 17. Qe2 Ra8 18. Qb2 Bd6 19. Ne2 Rc8 20. a5 bxa5 21. Bf5 Rc7 22. dxc5 Rxc5 23. Nc3 Ne4 24. Na4 Rxc1 25. Rxc1 g6 26. Bh3 Qe7 27. Qd4 f5 28. g3 Qf8 29. Rd1 Rc8 30. Nd2 Nxd2 31. Qxd2 Bb4 32. Qd3 Rd8 33. Bg2 Rd6 34. Nc3 Bxc3 35. Qxc3 Qd8 36. Ra1 Rc6 37. Qd4 Rd6 38. Rc1 Qb6 39. Qe5 Qd8 40. h4 Kf7 41. h5 h6 42. hxg6+ Kxg6 43. Bh3 Rf6 44. Rc7 Ba8 45. Bxf5+ 1-0

[Event "EU-ch U14"]
[Site "Batumi"]
[Date "2010.09.23"]
[Round "5"]
[White "Mirzoev, Emil"]
[Black "Grbic, Branko"]
[Result "1-0"]
[WhiteElo "2109"]
[BlackElo "1911"]
[PlyCount "58"]
[EventDate "2010.09.20"]
[EventType "swiss"]
[EventRounds "9"]
[EventCountry "GEO"]
[SourceTitle "CBM 138 Extra"]
[Source "ChessBase"]
[SourceDate "2010.10.29"]
[SourceVersion "1"]
[SourceVersionDate "2010.10.29"]
[SourceQuality "1"]

1. d4 Nf6 2. Bg5 e6 3. Nf3 Be7 4. e3 d5 5. Bd3 0-0 6. Nbd2 Nbd7 7. 0-0 c5 8. c3 b6 9. Ne5 Nxe5 10. dxe5 Nd7 11. Bf4 f5 12. exf6 Nxf6 13. Qe2 Bd6 14. Bxd6 Qxd6 15. e4 e5 16. exd5 Nxd5 17. Nc4 Qd8 18. Nxe5 Nf4 19. Bc4+ Be6 20. Bxe6+ Nxe6 21. Rad1 Qe8 22. Rfe1 Rf6 23. Qc4 Kh8 24. Ng4 Rg6 25. Rd6 Rd8 26. Rexe6 Rxe6 27. Qxe6 Qxe6 28. Rxd8+ Qg8 29. Rxg8+ Kxg8 1-0

[Event "Senta op-B 14th"]
[Site "Senta"]
[Date "2010.07.17"]
[Round "1"]
[White "Grbic, Branko"]
[Black "Zivkovic, Momcilo"]
[Result "0-1"]
[WhiteElo "1870"]
[BlackElo "2139"]
[PlyCount "68"]
[EventDate "2010.07.17"]
[EventType "swiss"]
[EventRounds "9"]
[EventCountry "YUG"]
[SourceTitle "EXT 2011"]
[Source "ChessBase"]
[SourceDate "2010.11.26"]
[SourceVersion "1"]
[SourceVersionDate "2010.11.26"]
[SourceQuality "1"]

1. e4 e6 2. d4 d5 3. exd5 exd5 4. Bd3 Nf6 5. Bg5 Bd6 6. Nf3 0-0 7. 0-0 Bg4 8. Nbd2 Nbd7 9. c3 c6 10. Qc2 Qc7 11. Rfe1 Rae8 12. b3 a6 13. Bf5 Bh5 14. c4 Bg6 15. Bxg6 hxg6 16. cxd5 Nxd5 17. Nc4 Bb4 18. Bd2 c5 19. Bxb4 cxb4 20. Qd2 N7f6 21. Nfe5 b5 22. Nb2 Qc3 23. Rad1 Re6 24. Nbd3 Qxd4 25. Qg5 Ne4 26. Qh4 Ndc3 27. Nf3 Qd8 28. Nxb4 Nxd1 29. Rxe4 Rxe4 30. Qxe4 Nc3 31. Qc2 Re8 32. h3 Ne2+ 33. Kf1 Nd4 34. Qd2 Nf5 0-1

[Event "SRB-ch U14"]
[Site "Sokobanja"]
[Date "2010.04.09"]
[Round "7"]
[White "Grbic, Branko"]
[Black "Djordjevic, Danilo"]
[Result "1-0"]
[WhiteElo "1847"]
[BlackElo "2009"]
[PlyCount "95"]
[EventDate "2010.04.05"]
[EventType "swiss"]
[EventRounds "9"]
[EventCountry "YUG"]
[SourceTitle "CBM 136 Extra"]
[Source "ChessBase"]
[SourceDate "2010.07.02"]
[SourceVersion "2"]
[SourceVersionDate "2010.07.15"]
[SourceQuality "1"]

1. e4 d5 2. exd5 Nf6 3. d4 Nxd5 4. c4 Nb6 5. Nc3 g6 6. h3 Bg7 7. Nf3 0-0 8. Be2 c6 9. 0-0 Qc7 10. Be3 N8d7 11. c5 Nd5 12. Nxd5 cxd5 13. b4 e5 14. dxe5 Nxe5 15. Nxe5 Qxe5 16. Rc1 d4 17. Bd2 Be6 18. Re1 Qc7 19. a4 Rad8 20. Bd3 Rfe8 21. b5 Bf8 22. Bb4 Qf4 23. Ba5 Rc8 24. c6 bxc6 25. bxc6 Bd6 26. g3 Qf6 27. h4 h5 28. Ba6 Ra8 29. c7 Bxc7 30. Bxc7 Bg4 31. Qd3 Bf5 32. Qb5 Rxe1+ 33. Rxe1 d3 34. Re8+ Rxe8 35. Qxe8+ Kh7 36. Be5 Bd7 37. Qb8 d2 38. Be2 Qxe5 39. Qxe5 Bxa4 40. Qd5 d1R+ 41. Bxd1 Bxd1 42. Qxd1 Kh6 43. Qa1 g5 44. Qf6+ Kh7 45. Qxf7+ Kh6 46. Qf6+ Kh7 47. hxg5 h4 48. g6+ 1-0

[Event "Belgrade Spring op"]
[Site "Belgrade"]
[Date "2008.03.25"]
[Round "1"]
[White "Rodic, Dragan"]
[Black "Grbic, Branko"]
[Result "1-0"]
[WhiteElo "2143"]
[BlackElo "1782"]
[PlyCount "73"]
[EventDate "2008.03.25"]
[EventType "swiss"]
[EventRounds "9"]
[EventCountry "YUG"]
[SourceTitle "CBM 123 Extra"]
[Source "ChessBase"]
[SourceDate "2008.05.06"]
[SourceVersion "1"]
[SourceVersionDate "2008.05.06"]
[SourceQuality "1"]

1. d4 Nf6 2. Nf3 e6 3. g3 b6 4. Bg2 Bb7 5. 0-0 d6 6. c4 Nbd7 7. Nc3 Be7 8. Re1 0-0 9. e4 e5 10. b3 exd4 11. Nxd4 Re8 12. e5 dxe5 13. Bxb7 exd4 14. Bxa8 Qxa8 15. Qxd4 Bc5 16. Rxe8+ Qxe8 17. Qd1 Qe5 18. Bb2 Qf5 19. Qe2 Ne5 20. Kg2 Nd3 21. Na4 Nxb2 22. Nxb2 h6 23. Nd3 Bd4 24. Rd1 c5 25. Qf3 Qc8 26. Re1 Qc7 27. Nf4 Qd7 28. Nd5 Nxd5 29. Qxd5 Qxd5+ 30. cxd5 Kf8 31. f4 Bf6 32. Kf3 Be7 33. Ke4 Bd6 34. Kd3 a6 35. a4 f6 36. Re6 Bc7 37. d6 1-0

[Event "Belgrade Winter op"]
[Site "Belgrade"]
[Date "2008.01.26"]
[Round "5"]
[White "Vujosevic, Dimitrije"]
[Black "Grbic, Branko"]
[Result "1-0"]
[WhiteElo "1996"]
[BlackElo "1782"]
[PlyCount "79"]
[EventDate "2008.01.22"]
[EventType "swiss"]
[EventRounds "9"]
[EventCountry "YUG"]
[SourceTitle "CBM 122 Extra"]
[Source "ChessBase"]
[SourceDate "2008.03.04"]
[SourceVersion "1"]
[SourceVersionDate "2008.03.04"]
[SourceQuality "1"]

1. d4 Nf6 2. c4 e6 3. Nf3 Bb4+ 4. Bd2 Bxd2+ 5. Nbxd2 b6 6. g3 Bb7 7. Bg2 0-0 8. 0-0 d6 9. Qc2 Nbd7 10. Rad1 Qe7 11. e4 e5 12. d5 Rac8 13. b4 c6 14. dxc6 Bxc6 15. Qd3 a6 16. Nh4 g6 17. Qe3 b5 18. Rfe1 Bb7 19. cxb5 axb5 20. Bf1 Bc6 21. a3 Rfd8 22. f3 d5 23. Qg5 d4 24. Nb3 Kh8 25. Na5 Nb6 26. Nxc6 Rxc6 27. Bxb5 Rc3 28. Rd3 Rxd3 29. Bxd3 Ra8 30. Qc1 Rc8 31. Qb1 Rc3 32. Rc1 Na4 33. Bf1 Rxa3 34. Rc6 Nc3 35. Qc1 Rb3 36. b5 Nxb5 37. Rb6 Rc3 38. Qg5 Nd6 39. f4 Ndxe4 40. Rb8+ 1-0